Particles identified with the DELPHI detector in hadronic events at LEP

Gespeichert in:
Bibliographische Detailangaben
1. Verfasser: Henriques, Rosa Paula Infante
Format: keine Angabe
Sprache:Portugiesisch
Englisch
Erschienen: Lisboa [s.n.] 1998
Katalog:MANES:  Suchergebnis im Bibliothekskatalog
Schulbuchspezifische Eigenschaften:
Tags: Tag hinzufügen
Keine Tags, Fügen Sie den ersten Tag hinzu!
Hinzugefügt zu:26.04.2016
Geändert in:25.04.2025

MARC

LEADER 000000000a22000000004500
001 29077
003 OSt
005 20250425111509.0
008 160427s pt ||||| |||| 00| 0 por d
040 |c centro_manes 
041 1 |a eng 
100 1 |a Henriques, Rosa Paula Infante  |9 16002 
245 0 0 |a Particles identified with the DELPHI detector in hadronic events at LEP 
260 3 |a Lisboa  |b [s.n.]  |c 1998 
300 |a X, 156 p.;  |c 30 cm 
500 |a Bibliografia, p. 153-156 
561 |5 pt-BNP  |a Portugal. Biblioteca Nacional de Portugal  |k MANES 
691 |a SE 
690 |a FQ 
942 |2 ddc  |c BK 
546 |a Portugal 
999 |c 30539  |d 30539 
999 |c manes:30539  |d 30539